[Event "Belgrade tt Cup"]
[Site "Belgrade"]
[Date "2010.04.14"]
[Round "1.8"]
[White "Moskovljevic, Milica"]
[Black "Jelic, Goran"]
[Result "1-0"]
[WhiteElo "1670"]
[BlackElo "2206"]
[PlyCount "139"]
[EventDate "2010.04.14"]
[EventType "team-tourn"]
[EventRounds "5"]
[EventCountry "SRB"]
[SourceTitle "EXT 2012"]
[Source "ChessBase"]
[SourceDate "2011.11.24"]
[SourceVersion "1"]
[SourceVersionDate "2011.11.24"]
[SourceQuality "1"]

1. d4 Nf6 2. c4 g6 3. Nc3 Bg7 4. e4 d6 5. Bg5 h6 6. Be3 c5 7. f3 cxd4 8. Qxd4 Nc6 9. Qd2 Be6 10. Nd5 g5 11. Ne2 Nd7 12. Nd4 Nxd4 13. Bxd4 Bxd4 14. Qxd4 Ne5 15. b4 Bxd5 16. cxd5 Kf8 17. Be2 Qb6 18. Qxb6 axb6 19. Kd2 Kg7 20. Rhc1 Ra7 21. Kc3 Rha8 22. Kb3 Ra3+ 23. Kb2 Kf6 24. Rc7 Re3 25. Bb5 Ra7 26. Rc3 Rxc3 27. Kxc3 Ra8 28. Kb2 Rc8 29. Rc1 Rxc1 30. Kxc1 e6 31. dxe6 fxe6 32. Kd2 Ke7 33. Ke3 Ng6 34. g3 Ne5 35. h3 Ng6 36. a3 h5 37. f4 gxf4+ 38. gxf4 e5 39. fxe5 dxe5 40. Be2 Nf4 41. a4 Kf6 42. h4 Ke6 43. Kf2 Kd6 44. Ke3 Ke7 45. Kf2 Kf6 46. Ke3 Kg7 47. Kf2 Kf6 48. Ke3 Ng6 49. Bxh5 Nxh4 50. Be8 Ke7 51. Bb5 Ng2+ 52. Kf2 Nf4 53. Ke3 Ne6 54. Bf1 Nc7 55. Bc4 Ne8 56. Bd5 Nd6 57. Kd3 Kf6 58. Ke3 Kg5 59. Bb3 Kg4 60. Bd5 Kg3 61. Be6 Kg2 62. Bg4 Kf1 63. Be2+ Ke1 64. a5 b5 65. Bg4 Nc4+ 66. Kd3 Kf2 67. Bc8 Nd6 68. Be6 Kf3 69. Bd5 Kf4 70. Bxb7 1-0

[Event "Belgrade-chT"]
[Site "Belgrade"]
[Date "2009.10.11"]
[Round "8"]
[White "Jelic, Goran"]
[Black "Nedeljkovic, Dragan"]
[Result "1/2-1/2"]
[WhiteElo "2200"]
[BlackElo "2151"]
[PlyCount "30"]
[EventDate "2009.10.04"]
[EventType "team-tourn"]
[EventRounds "9"]
[EventCountry "YUG"]
[SourceTitle "CBM 132 Extra"]
[Source "ChessBase"]
[SourceDate "2009.11.03"]
[SourceVersion "1"]
[SourceVersionDate "2009.11.03"]
[SourceQuality "1"]

1. d4 Nf6 2. c4 c5 3. d5 b5 4. cxb5 a6 5. bxa6 Bxa6 6. Nc3 d6 7. Nf3 g6 8. e4 Bxf1 9. Kxf1 Nbd7 10. h3 Bg7 11. Kg1 0-0 12. Kh2 Qb6 13. Re1 Rab8 14. Re2 Ne8 15. Rc2 Nc7 1/2-1/2